World Touring Car Championship Champions - Statistics

General Stats
  • This quiz has been taken 42 times
  • The average score is 7 of 9
Answer Stats
Hint Answer % Correct
2008 Yvan Muller
86%
2010 Yvan Muller
86%
2011 Yvan Muller
86%
2005 Andy Priaulx
79%
2006 Andy Priaulx
79%
2007 Andy Priaulx
79%
2012 Rob Huff
68%
2009 Gabriele Tarquini
61%
1987 Roberto Ravaglia
32%
No matching quizzes found
Score Distribution
Percent of People with Each Score
Percentile by Number Answered
Your Score History
You have not taken this quiz